Дело о принятии в Дирекцию денег из правительственных учреждений

Доступно только в Электронных читальных залах Найти на картеНа карте
RUSMARC
00006214nmc2a22000003x 450
001a4ed75c6-1a8c-4b7d-a15b-f359e3e9c2df
00520190611122537.0
100##$a20161209l18091809k l0rusy0189 ca
1010#$arus
102##$aRU
2001#$aДело о принятии в Дирекцию денег из правительственных учреждений
$j4 января - 31 декабря 1809 г.
251##$cДело
300##$aДело
801#0$aRU
$bРГИА
$c20161209
$gRCR
801#1$aRU
$bГлавНИВЦ
$c20161209
$2rusmarc
801#2$aRU
$bПБ им. Б.Н. Ельцина
$c20180928
$gRCR
$2rusmarc
850##$aРГИА
852##$aРГИА
$eФедеральное казенное учреждение "Российский государственный исторический архив" (РГИА)
$j164
937##$hРГИА
$d12233983
$aASBIBLIO_SCAN
462#0$1001dd3991dc-24e1-42ec-8838-ca4255420416
$12001
$a1746-1850 гг.
$1251
$cОпись
$1852
$j1
461#0$10019264ebf8-de62-4f1a-9eb4-9f22098dbbd5
$12001
$aДирекция императорских театров МИДв
$1251
$cФонд
$1852
$j497
215##$a54 л.
$d36,5х26 см
371##$aДокумент не является опубликованным и широко распространяемым
105##$ay###
1222#$ad
035##$aa4ed75c6-1a8c-4b7d-a15b-f359e3e9c2df
856##$uhttp://readingroom.main.prlib.ru/item.aspx?id_node=n118722723&mode=full
60101$2prlib_sh
$3LIBNET\UAF\0000083360
$aРоссия
$bГосударственное казначейство
$xИстория
$jДокументы и материалы
60101$2prlib_sh
$3LIBNET\UAF\0000080151
$aРоссия
$bДирекция императорских театров
$xДеятельность
$jДокументы и материалы
6061#$2nlr_sh1
$3RU\NLR\AUTH\661115339
$aТеатрально-зрелищные предприятия
$xМатериально-техническое снабжение
$jДокументы и материалы
6061#$aТеатральная жизнь
$2nlr_sh
$3RU\NLR\AUTH\661467966
$yРоссия
$z19 в.
$jДокументы и материалы
600#0$2nlr_sh
$3RU\NLR\AUTH\6620141
$aАлександр
$dI
$cимператор российский
$f1777 - 1825
$jДокументы и материалы
605##$2acquisition_Prlib
$3DITM\AF\0000002775
$aВласть
$lколлекция
605##$2acquisition_Prlib
$3DITM\AF\0000004166
$aРоссия в лицах
$lколлекция
605##$2acquisition_Prlib
$3LIBNET\UAF\0000080478
$aГод театра в России
$lколлекция
686##$2rubbk
$a63.3(2)521.1-7
$vLBC/M
686##$a85.33
$vLBC/M
$2rubbk
Формат отображения